01368cam a2200289 a 4500001001300000003000400013005001700017008004100034010001700075040001800092041001800110050002100128100002500149240002600174245018500200246002700385260012200412300002700534546006200561500016600623650003600789700003300825700004500858700009800903710006001001999001701061sa 68014131 DLC20260227112628.0840418s1967 ii a 000 0 sano  asa 68014131  aDLCcDLCdDLC1 asanahinhara00aQB41b.J318 19671 aJagannātha,d1652-10aSamrāṭsiddhānta10aSamrāṭ-siddhāntaḥ :bavāntara pāṭhabhedasamanvitaḥ Siddhāntasārakaustubhaḥ /cJagannātha-viracitaḥ ; pradhāna sampādakaḥ, Rāmasvarūpa Śarmā.15aSamrāṭ siddhānta aNaī Dillī :bIṇḍiyana Inṣṭīṭyūṭa āfa Āsṭrānaumikala eṇḍa Saṃskr̥ta Risarca,c1967. a3 v. :bill. ;c25 cm. aIn Sanskrit and Hindi; includes translations from Arabic. aA Sanskrit version of Claudius Ptolemaeus' Almagestum, translated from the Arabic version by Naṣīr al-Dīn Muḥammad ibn Muḥammad al-Tūsī and others. 0aAstronomyvEarly works to 1800.1 aŚarmmā, Rāmasvarūpa.1 aPtolemy,dactive 2nd century.tAlmagest.1 aṬūsī, Naṣīr al-Dīn Muḥammad ibn Muḥammad,d1201-1274.tTaḥrir al-majisṭi.2 aIndian Institute of Astronomical and Sanskrit Research. c85562d85562